000
00244nam a22000857a 4500
008
170623b xxu||||| |||| 00| 0 eng d
100
_9
3647
_a
Jain. T. R
245
_a
Introductory micro economics & macro economics XII
260
_a
New delhi
_b
V. K
_c
2010
999
_c
7042
_d
7042